Udržanie zamestnanosti vo vybranej a. s. v procese povolenej reštrukturalizácie bakalárska práca
Guardado en:
| Autor principal: | |
|---|---|
| Autor Corporativo: | |
| Otros Autores: | |
| Formato: | Libro |
| Lenguaje: | eslovaco |
| Publicado: |
Košice
2011
|
| Etiquetas: |
Sin Etiquetas, Sea el primero en etiquetar este registro!
|
MARC
| LEADER | 00000nbm a2200000 4500 | ||
|---|---|---|---|
| 001 | 0139505 | ||
| 005 | 20161109111625.4 | ||
| 041 | 0 | |a slo | |
| 044 | |a SK | ||
| 245 | 1 | 0 | |a Udržanie zamestnanosti vo vybranej a. s. v procese povolenej reštrukturalizácie |b bakalárska práca |c Martin Joščák ; školiteľ: Alena Bašistová |
| 264 | 1 | |a Košice |c 2011 | |
| 300 | |a 50 s. | ||
| 100 | 1 | |a Joščák, Martin | |
| 700 | 1 | |a Bašistová, Alena | |
| 710 | 2 | |a Podnikovohospodárska fakulta EU so sídlom v Košiciach. Katedra manažmentu | |